000 00615nam a2200229Ia 4500
005 20260429111931.0
008 260429s9999||||xx |||||||||||||| ||und||
020 _a9788119684694
041 _aEnglish
082 _a025.5
_bTHO
100 _aThomas, J.I.
245 0 _aInformation sources in prison libraries /
_cJ.I. Thomas
250 _a1st ed.
260 _aJaipur :
_bBook Enclave,
_c2024.
300 _axii, 139 p.; hb
650 _a Correctional education
650 _a Information sources
650 _a Library science
650 _aPrison libraries
700 _a Vivel, K. R.
942 _cTB
999 _c51496
_d51496